LIBRARY ONLINE CATALOGUE

Quantitative methods for business and economics / (Record no. 743)

MARC details
000 -LEADER
fixed length control field 00673nam a22002052 4500
001 - CONTROL NUMBER
control field 0000008532
005 - DATE AND TIME OF LATEST TRANSACTION
control field 20151021151114.0
008 - FIXED-LENGTH DATA ELEMENTS--GENERAL INFORMATION
fixed length control field 080421s xx 000 0 eng d
020 ## - INTERNATIONAL STANDARD BOOK NUMBER
International Standard Book Number 8120323033 :
Terms of availability KES 890
040 ## - CATALOGING SOURCE
Original cataloging agency KABU
Transcribing agency KABU
100 1# - MAIN ENTRY--PERSONAL NAME
Personal name Mouhammed, Adil H.
-- 0000159169
245 10 - TITLE STATEMENT
Title Quantitative methods for business and economics /
Statement of responsibility, etc. Adil H. Mouhammed.
260 ## - PUBLICATION, DISTRIBUTION, ETC. (IMPRINT)
Place of publication, distribution, etc. New Delhi :
Name of publisher, distributor, etc. Prentice-Hall of India,
Date of publication, distribution, etc. 2000.
300 ## - PHYSICAL DESCRIPTION
Extent xi, 377 p.
650 #0 - SUBJECT ADDED ENTRY--TOPICAL TERM
Topical term or geographic name as entry element Economics, Mathematicals.
-- 0000159170
908 ## - PUT COMMAND PARAMETER (RLIN)
Put command parameter 080421
950 ## - LOCAL HOLDINGS (RLIN)
-- 1
Holdings
Withdrawn status Lost status Source of classification or shelving scheme Not for loan Home library Current library Date acquired Total Checkouts Full call number Barcode Date last seen Date last checked out Price effective from Koha item type
    Library of Congress Classification   Kabarak, Nakuru City Campus Kabarak, Nakuru City Campus 21/10/2015 5 HB135 .M68 006050 15/07/2019 13/07/2019 21/10/2015 General Collection
    Library of Congress Classification   Kabarak, Nakuru City Campus Kabarak, Nakuru City Campus 21/10/2015 3 HB135 .M68 006049 11/04/2019 04/04/2019 21/10/2015 General Collection